| Tag |
First Indicator |
Second Indicator |
Subfields |
| LEADER |
00000cam a2200000 i 4500 |
| 001 |
in00000791069 |
| 005 |
20151017070232.0 |
| 008 |
760711s1976 dcu a f00010 eng d |
| 010 |
|
|
|a gp 76004977
|
| 020 |
|
|
|c $5.00 (pbk. :)
|
| 035 |
|
|
|a (OCoLC)02319939
|
| 035 |
|
|
|9 ADP0242AM
|
| 040 |
|
|
|a GPO
|c GPO
|d UtOrBLW
|
| 074 |
|
|
|a 474-A-1
|
| 086 |
|
|
|a ER 1.2:F 38/976
|
| 100 |
1 |
|
|a Łach, Jan,
|e editor.
|
| 245 |
1 |
0 |
|a Fermilab research program, 1976 /
|c editor J. Lach ; Fermi National Accelerator Laboratory, Batavia, Ill.
|
| 264 |
|
1 |
|a [Washington] :
|b [U.S. Energy Research and Deveopment Administration],
|c [1976]
|
| 300 |
|
|
|a 324 pages ;
|c 21 x 16 cm.
|
| 336 |
|
|
|a text
|b txt
|2 rdacontent
|
| 337 |
|
|
|a unmediated
|b n
|2 rdamedia
|
| 338 |
|
|
|a volume
|b nc
|2 rdacarrier
|
| 500 |
|
|
|a Operated by Universities Research Association, Inc., under contract with Energy Research and Development Administration.
|
| 610 |
2 |
0 |
|a Fermi National Accelerator Laboratory.
|
| 650 |
|
0 |
|a Nuclear physics
|x Research
|z United States.
|
| 710 |
1 |
|
|a United States.
|b Energy Research and Development Administration.
|
| 999 |
|
|
|a MARS
|
| 999 |
f |
f |
|s 3b97aa06-ee36-3551-9af7-2e45a2b2fa64
|i bff3069e-5a6a-36fb-9823-fc4c8927845a
|t 0
|
| 952 |
f |
f |
|p normal
|a Texas A&M University
|b College Station
|c Sterling C. Evans Library
|d Evans: US Documents (Annex 5th floor)
|t 0
|e ER 1.2:F 38
|h Superintendent of Documents classification
|i unmediated -- volume
|m A14838122508
|
| 998 |
f |
f |
|a ER 1.2:F 38
|t 0
|l Evans: US Documents (Annex 5th floor)
|